000 00369nam a2200121Ia 4500
008 240731s9999 xx 000 0 und d
022 _a1747-5074
245 0 _aEducational Action Research : Connecting Research and Practice for Professionals and Communities
260 _bRoutledge
856 _uhttps://www.tandfonline.com/loi/reac20
942 _2ddc
942 _cTFEJ
999 _c76367
_d76367
945 _a1
_bMadushi Gamage
_c1
_dMadushi Gamage